000 00653nam a2200229Ia 4500
005 20250508170049.0
008 008 250505s9999 xx 000 0 eng d
020 _a978-93-86432-86-5
037 _aReference
040 _aFEDL
_beng
_cFEDL
041 _aeng
_2eng
084 _a371.914 4, PHI/RR
_qFEDL
100 _aPhillips Sylvia
_9782674
245 0 _aAssessment of learners with dyslexic- type difficulties
250 _a2
260 _aLondon, UK
_bSage
_c2018
300 _axxii, 369p.
365 _aGBP
_b34.99
700 _a Kelly Kathleen
_9782872
942 _cREF
_h371.914 4, PHI/RR
999 _c1399017
_d1399017